000 01002cam a2200301 4500
008 090401t1989 xxu||||| |||| 00| 0 eng d
020 _a0951486608
035 _a(Sirsi) u76654
041 _aeng
050 _a692.8
110 _aKing's College London
_bCentre of Construction Law and Management
_92173
245 _aConstruction contract policy: improved procedures and practice. (Papers from the Conference on Construction Contract Policy , 14th - 16th September 1988)
260 _aLondon
_bCentre of Construction Law and Managemen
_c1989
300 _axix,352p. ; 23cm.
350 _a28
520 _aJoint editor: Phillip Capper.
650 _aBUILT ENVIRONMENT-BUILDING CONTRACT FORMS
650 _aCAPPER PHILLIP
650 _aKINGS COLLEGE
650 _aMANAGEMENT
650 _aProject management
_96261
650 _aQUALITY ASSURANCE
650 _aRISK ANALYSIS
650 _aUNIVERSITY OF LONDON
700 _aUff, John
_xEditor
942 _n0
948 _c04/03/1997
999 _c96223
_d96223